Dopady krize v euroatlantickém prostoru

Gespeichert in:
Bibliographische Detailangaben
1. Verfasser: Kozák, Kryštof
Weitere Verfasser: Weiss, Tomáš, Schulzová, Helena
Format: Buch
Sprache:Tschechisch
Englisch
Veröffentlicht: Praha Dokořán 2012
Schriftenreihe:Bod
Schlagworte:
Tags: Tag hinzufügen
Keine Tags, Fügen Sie das erste Tag hinzu!

MARC

LEADER 00000nam a2200000 4500
001 0165959
005 20240315114427.2
020 |a 978-80-7363-444-5 
041 0 |a cze 
041 0 |a eng 
044 |a CZ 
245 1 0 |a Dopady krize v euroatlantickém prostoru  |c Kryštof Kozák, Tomáš Weiss, Helena Schulzová a kol. 
264 1 |a Praha  |b Dokořán  |c 2012 
300 |a 295 s. 
490 1 |a Bod 
830 0 |a Bod 
610 2 0 |a kríza finančná 
610 2 0 |a politika finančná 
610 2 0 |a dôsledky sociálne 
610 2 0 |a odvetvia činnosti ekonomickej 
610 2 0 |a politika zahraničná 
610 2 0 |a porovnanie medzinárodné 
610 2 0 |a USA 
610 2 0 |a Európska únia 
100 1 |a Kozák, Kryštof 
700 1 |a Weiss, Tomáš 
700 1 |a Schulzová, Helena